Wszystkie miasta powiatu poznańskiego - Statystyki

Ogólne statystyki
  • Ten quiz został rozwiązany 107 razy
  • Średni wynik to 6 z 10
Statystyki odpowiedzi
Odpowiedź % Poprawnych
Luboń
90%
Swarzędz
82%
Mosina
79%
Puszczykowo
73%
Kórnik
64%
Murowana Goślina
55%
Kostrzyn
48%
Stęszew
48%
Buk
47%
Pobiedziska
47%
Nie znaleziono quizów pasujących do podanych kryteriów
Rozkład punktacji
Procent ludzi z każdym wynikiem
Percentyl według liczby udzielonych odpowiedzi
Twoja historia wyników
Nie rozwiązałeś tego quizu